00389nam a2200145Ia 4500008004100000020001500041041001200056082001600068100001600084245007600100250000800176260004300184300000800227650000800235221030s9999 xx 000 0 und d a8122403867 aEnglish a105.23bSon aB. S. Sonde 0aINtroduction to system Design Using Integrated Circuitscby B. S. Sonde a2nd bNew Age InternationalaNew Delhic1994 a312 aECE